Heat lightning. #2 / John Sandford.
Available copies
- 2 of 2 copies available at LARL/NWRL Consortium.
- 2 of 2 copies available at Northwest Regional Library. (Show preferred library)
Current holds
0 current holds with 2 total copies.
View other formats and editions
Show Only Available Copies
| Location | Call Number / Copy Notes | Barcode | Shelving Location | Status | Due Date |
|---|---|---|---|---|---|
| Godel Memorial-Warren Library | SAN (Text) | 35500005251911 | Main | Available | - |
| Karlstad LINK Site | SAN (Text) | 35500004326763 | Main | Available | - |
Record details
- ISBN: 9780425230619
- ISBN: 9780399155277
- ISBN: 0399155279
- Physical Description: 388 p. ; 24 cm.
- Publisher: New York : G.P. Putnam's Sons, 2008.
Content descriptions
| Summary, etc.: | Summoned by Lucas Davenport to investigate a pair ... Read More |
Search for related items by subject
| Subject: | Vietnam War, 1961-1975 > Veterans > Crimes against > Fiction. Government investigators > Minnesota > Fiction. Minnesota > Fiction. |
| Genre: | Mystery fiction. |
Search for related items by series
| LDR | 02413cam a22004338a 4500 | ||
|---|---|---|---|
| 001 | 92753 | ||
| 003 | LARL_NWRL_CONSORTIUM | ||
| 005 | 20180326162340.0 | ||
| 008 | 080624s2008 nyu 000 1 eng | ||
| 020 | . | ‡a9780425230619 | |
| 020 | . | ‡a9780399155277 | |
| 020 | . | ‡a0399155279 | |
| 035 | . | ‡a(OCoLC)213308441 | |
| 043 | . | ‡an-us-mn | |
| 082 | 0 | 0. | ‡a813/.54 ‡222 |
| 100 | 1 | . | ‡aSandford, John, ‡d1944 February 23- ‡0(LARL_NWRL_CONSORTIUM)220778 |
| 245 | 1 | 0. | ‡aHeat lightning. ‡n#2 / ‡cJohn Sandford. |
| 260 | . | ‡aNew York : ‡bG.P. Putnam's Sons, ‡c2008. | |
| 300 | . | ‡a388 p. ; ‡c24 cm. | |
| 490 | 0 | . | ‡aVirgil Flowers ; ‡v2 |
| 520 | . | ‡aSummoned by Lucas Davenport to investigate a pair of murders in which the victims are found with lemons in their mouths, Minnesota Bureau of Criminal Apprehension investigator Virgil Flowers struggles to find a connection that could prevent additional killings. | |
| 650 | 0. | ‡aVietnam War, 1961-1975 ‡xVeterans ‡xCrimes against ‡vFiction. | |
| 650 | 0. | ‡aGovernment investigators ‡zMinnesota ‡vFiction. | |
| 651 | 0. | ‡aMinnesota ‡vFiction. ‡0(LARL_NWRL_CONSORTIUM)166041 | |
| 655 | 7. | ‡aMystery fiction. ‡2gsafd | |
| 901 | . | ‡a92753 ‡bOCLC ‡c92753 ‡tbiblio | |

Add to basket
Permalink
Disable Highlighting